| 000 | 00603nam a2200205Ii 4500 | ||
|---|---|---|---|
| 003 | JO-AjNU | ||
| 008 | 230606s9999||||xx |||||||||||||| ||und|| | ||
| 020 | _a978-0470-50578-6 | ||
| 040 |
_aJO-AjNU _beng _erda _cJO-AjNU |
||
| 041 | _aeng | ||
| 050 | 1 | 4 | _aQA276.12.M645.2011 |
| 100 | 3 |
_aRunger,George/Montgomery,Douglas, _eauthor _94543 |
|
| 245 | 0 | 0 | _aApplied Statistics and Probability for Engineers |
| 250 | _a5 ed | ||
| 300 | _a766p | ||
| 336 |
_atext _btxt _2rdacontent |
||
| 337 |
_aunmediated _bn _2rdamedia |
||
| 338 |
_avolume _bnc _2rdacarrier |
||
| 650 | 4 |
_aStatisticsĀ -probabilities _94544 |
|
| 999 |
_aE2357 _c2355 _d2355 |
||